Central Library and Information Centre
Sibsagar Girls' College, Sivasagar : Assam

ORGANIC CHEMISTRY (Record no. 8064)

MARC details
000 -LEADER
fixed length control field 00454cam a2200193ua 4500
008 - FIXED-LENGTH DATA ELEMENTS--GENERAL INFORMATION
fixed length control field 151217n1991 II |||gr||||Z||||||eng
040 ## - CATALOGING SOURCE
Original cataloging agency MAIN
041 ## - LANGUAGE CODE
-- English
082 ## - DEWEY DECIMAL CLASSIFICATION NUMBER
Classification number 547 HAR
100 ## - MAIN ENTRY--PERSONAL NAME
Personal name HART, HAROLD.
245 ## - TITLE STATEMENT
Title ORGANIC CHEMISTRY
260 ## - PUBLICATION, DISTRIBUTION, ETC.
Place of publication, distribution, etc. NEW DELHI:
Name of publisher, distributor, etc. S.CHAND & COMPANY,
Date of publication, distribution, etc. 1997.
300 ## - PHYSICAL DESCRIPTION
Extent 572:
Dimensions 25CM.
700 ## - ADDED ENTRY--PERSONAL NAME
Personal name HART, DAVID J.
700 ## - ADDED ENTRY--PERSONAL NAME
Personal name CRAINE, LESLIE E.
942 ## - ADDED ENTRY ELEMENTS (KOHA)
Koha item type Books
653 ## - INDEX TERM--UNCONTROLLED
Uncontrolled term Organic chemistry
Holdings
Withdrawn status Lost status Damaged status Not for loan Collection code Home library Current library Shelving location Date acquired Full call number Barcode Date last seen Copy number Price effective from Koha item type Public note Total Checkouts Date last checked out
        TBCHE Central Library and Information Centre Sibsagar Girls College Central Library and Information Centre Sibsagar Girls College CHEMISTRY BOOK RACK 23.06.1998 547 HAR 15439 27.02.2020 1 27.02.2020 Books V    
        TBCHE Central Library and Information Centre Sibsagar Girls College Central Library and Information Centre Sibsagar Girls College CHEMISTRY BOOK RACK 23.06.1998 547 HAR 15440 18.02.2021 2 27.02.2020 Books V 1 27.01.2021


Sibsagar Girl's College © 2020. All rights reserved.
Powered by Koha.
Maintained by Abhijit Borpuzari.